[Event "EU-chT Seniors"]
[Site "Rogaska Slatina"]
[Date "2012.04.03"]
[Round "8.23"]
[White "Pitkanen, Juhani"]
[Black "Murphy, George AA"]
[Result "1/2-1/2"]
[WhiteElo "1715"]
[BlackElo "1811"]
[PlyCount "35"]
[EventDate "2012.03.27"]
[EventType "team-swiss"]
[EventRounds "9"]
[EventCountry "SLO"]
[SourceTitle "CBM 147 Extra"]
[Source "ChessBase"]
[SourceDate "2012.04.24"]
[SourceVersion "1"]
[SourceVersionDate "2012.04.24"]
[SourceQuality "1"]
[WhiteTeam "Helsinki (Seniors)"]
[BlackTeam "Scotland (Seniors) II"]
[WhiteTeamCountry "FIN"]
[BlackTeamCountry "SCO"]

1. d4 Nf6 2. c4 e6 3. Nc3 d5 4. cxd5 exd5 5. Bg5 Be7 6. e3 Nbd7 7. Qc2 c6 8. h3 0-0 9. Bd3 Re8 10. Nf3 h6 11. Bf4 Nf8 12. 0-0 Bd6 13. Bxd6 Qxd6 14. Rab1 Bd7 15. b4 b5 16. Nd2 Ne6 17. a3 Rac8 18. Nf3 1/2-1/2

[Event "EU-chT Seniors"]
[Site "Rogaska Slatina"]
[Date "2012.04.01"]
[Round "6.20"]
[White "Murphy, George AA"]
[Black "Norman, Dinah M"]
[Result "1-0"]
[WhiteElo "1811"]
[BlackElo "1876"]
[PlyCount "91"]
[EventDate "2012.03.27"]
[EventType "team-swiss"]
[EventRounds "9"]
[EventCountry "SLO"]
[SourceTitle "CBM 147 Extra"]
[Source "ChessBase"]
[SourceDate "2012.04.24"]
[SourceVersion "1"]
[SourceVersionDate "2012.04.24"]
[SourceQuality "1"]
[WhiteTeam "Scotland (Seniors) II"]
[BlackTeam "England (Seniors) III"]
[WhiteTeamCountry "SCO"]
[BlackTeamCountry "ENG"]

1. Nf3 d5 2. g3 Nf6 3. Bg2 c6 4. 0-0 Bf5 5. d3 e6 6. Nbd2 h6 7. Re1 Be7 8. b3 0-0 9. Bb2 a5 10. e4 Bh7 11. e5 Nfd7 12. Qe2 a4 13. Bc3 axb3 14. axb3 Rxa1 15. Rxa1 Na6 16. Nf1 c5 17. h4 Ndb8 18. Bd2 Nc6 19. c3 Re8 20. Ne3 Qb6 21. Ng4 Qxb3 22. Bxh6 Qxc3 23. Rd1 Bf5 24. Nfh2 Bxg4 25. Nxg4 Nd4 26. Qe3 Nf5 27. Qf4 Nxh6 28. Nxh6+ gxh6 29. Qg4+ Kh7 30. Bxd5 Qxe5 31. Bxb7 Nb4 32. Bg2 Rg8 33. Qf3 f5 34. Qb7 Rg7 35. Kf1 Bxh4 36. Qc8 Be7 37. Re1 Qc3 38. Qxe6 Qxd3+ 39. Kg1 Qc2 40. Bh3 Qd2 41. Bxf5+ Kh8 42. Ra1 Rxg3+ 43. fxg3 Qd4+ 44. Kh2 Qxa1 45. Qxh6+ Kg8 46. Be6# 1-0

[Event "EU-chT Seniors"]
[Site "Rogaska Slatina"]
[Date "2012.03.27"]
[Round "1.19"]
[White "Kratschmer, Heinz"]
[Black "Murphy, George AA"]
[Result "1-0"]
[WhiteElo "2164"]
[BlackElo "1811"]
[PlyCount "65"]
[EventDate "2012.03.27"]
[EventType "team-swiss"]
[EventRounds "9"]
[EventCountry "SLO"]
[SourceTitle "CBM 147 Extra"]
[Source "ChessBase"]
[SourceDate "2012.04.24"]
[SourceVersion "1"]
[SourceVersionDate "2012.04.24"]
[SourceQuality "1"]
[WhiteTeam "Steiermark (Seniors)"]
[BlackTeam "Scotland (Seniors) II"]
[WhiteTeamCountry "AUT"]
[BlackTeamCountry "SCO"]

1. d4 Nf6 2. Nf3 e6 3. e3 d5 4. Bd3 Be7 5. 0-0 0-0 6. Nbd2 b6 7. Ne5 c5 8. c3 Qc7 9. f4 Bb7 10. Qf3 Nbd7 11. Kh1 Rad8 12. Nxd7 Rxd7 13. g4 g6 14. g5 Nh5 15. Qg4 Ng7 16. Nf3 Bd6 17. Bd2 Nf5 18. Ne5 Bxe5 19. fxe5 Kg7 20. Rf3 h5 21. gxh6+ Nxh6 22. Qg5 Qd8 23. Rf6 Nf5 24. Rf1 Rh8 25. Bxf5 exf5 26. R1xf5 Qe8 27. Qg3 Re7 28. Kg1 Bc8 29. Rg5 Re6 30. Rf3 Re7 31. Be1 Be6 32. Qf4 Bf5 33. Qxf5 1-0

[Event "Prestwick Airport Major"]
[Site "Prestwick"]
[Date "2011.05.14"]
[Round "3"]
[White "Murphy, George AA"]
[Black "Moore, Robin"]
[Result "1-0"]
[WhiteElo "1739"]
[BlackElo "1581"]
[PlyCount "71"]
[EventDate "2011.05.13"]
[EventType "swiss"]
[EventRounds "5"]
[EventCountry "SCO"]
[SourceTitle "EXT 2023"]
[Source "ChessBase"]
[SourceDate "2022.10.05"]
[SourceVersion "1"]
[SourceVersionDate "2022.10.05"]
[SourceQuality "1"]

1. Nf3 Nf6 2. c4 g6 3. Nc3 Bg7 4. g3 0-0 5. Bg2 d6 6. 0-0 c5 7. d4 a6 8. h3 Qc7 9. d5 Bd7 10. a4 a5 11. e4 Na6 12. Bf4 Nh5 13. Bd2 f5 14. exf5 gxf5 15. Ng5 Nf6 16. Re1 Rae8 17. Ne6 Bxe6 18. Rxe6 Nb4 19. Ne2 Nd7 20. Bc3 Ne5 21. Nf4 Rf7 22. Qe2 Qd7 23. Nh5 Bh8 24. f4 Ng6 25. Bxh8 Kxh8 26. Re1 Qxa4 27. Nf6 Ref8 28. Nxh7 Rxh7 29. Rxg6 Qc2 30. Qe6 Qxb2 31. Qd7 Nd3 32. Rxe7 Qf2+ 33. Kh2 Rh5 34. Re8 Rxh3+ 35. Kxh3 Nxf4+ 36. gxf4 1-0

[Event "EU-chT Seniors 12th"]
[Site "Dresden"]
[Date "2010.02.17"]
[Round "8"]
[White "Murphy, George AA"]
[Black "Alter, Helmut"]
[Result "0-1"]
[WhiteElo "1685"]
[BlackElo "1882"]
[PlyCount "60"]
[EventDate "2010.02.10"]
[EventType "team-swiss"]
[EventRounds "9"]
[EventCountry "GER"]
[SourceTitle "CBM 134 Extra"]
[Source "ChessBase"]
[SourceDate "2010.03.03"]
[SourceVersion "1"]
[SourceVersionDate "2010.03.03"]
[SourceQuality "1"]
[WhiteTeam "Scotland (Seniors) II"]
[BlackTeam "Saxone (Seniors)"]
[WhiteTeamCountry "SCO"]
[BlackTeamCountry "AUT"]

1. Nf3 d5 2. c4 e6 3. d4 c6 4. e3 f5 5. g3 Nf6 6. Bg2 Bd6 7. b3 Nbd7 8. Bb2 0-0 9. 0-0 Ne4 10. Nbd2 Qf6 11. Ne1 Qe7 12. Nd3 Qf6 13. Nf3 g5 14. Nfe5 g4 15. f3 gxf3 16. Rxf3 Ng5 17. Rf1 Bxe5 18. dxe5 Qh6 19. Nf4 Re8 20. cxd5 cxd5 21. Rc1 b6 22. Rc7 Nc5 23. Nxd5 exd5 24. Bxd5+ Be6 25. Rxf5 Rad8 26. Bxe6+ Ncxe6 27. Qg4 Rd2 28. h4 Rxb2 29. Rf6 Rd8 30. Rxe6 Rb1+ 0-1

[Event "EU-chT Seniors 12th"]
[Site "Dresden"]
[Date "2010.02.14"]
[Round "5"]
[White "Murphy, George AA"]
[Black "Pemberton, Clive H"]
[Result "0-1"]
[WhiteElo "1685"]
[BlackElo "1897"]
[PlyCount "50"]
[EventDate "2010.02.10"]
[EventType "team-swiss"]
[EventRounds "9"]
[EventCountry "GER"]
[SourceTitle "CBM 134 Extra"]
[Source "ChessBase"]
[SourceDate "2010.03.03"]
[SourceVersion "1"]
[SourceVersionDate "2010.03.03"]
[SourceQuality "1"]
[WhiteTeam "Scotland (Seniors) II"]
[BlackTeam "England (Seniors) II"]
[WhiteTeamCountry "SCO"]
[BlackTeamCountry "ENG"]

1. Nf3 Nf6 2. c4 e6 3. g3 b6 4. Bg2 Bb7 5. 0-0 Be7 6. Nc3 0-0 7. d4 d5 8. cxd5 Nxd5 9. Re1 c5 10. e4 Nxc3 11. bxc3 Nd7 12. e5 Re8 13. Qd3 c4 14. Qc2 Bd5 15. h4 h6 16. Nh2 Bxg2 17. Kxg2 b5 18. a3 Nb6 19. Re4 Nd5 20. Nf3 a5 21. Bxh6 gxh6 22. Rg4+ Kh8 23. Ng5 hxg5 24. hxg5 Kg7 25. f4 Ne3+ 0-1

[Event "EU-chT Seniors 12th"]
[Site "Dresden"]
[Date "2010.02.12"]
[Round "3"]
[White "Murphy, George AA"]
[Black "Nordenstrom, Sven"]
[Result "1/2-1/2"]
[WhiteElo "1685"]
[BlackElo "1961"]
[PlyCount "79"]
[EventDate "2010.02.10"]
[EventType "team-swiss"]
[EventRounds "9"]
[EventCountry "GER"]
[SourceTitle "CBM 134 Extra"]
[Source "ChessBase"]
[SourceDate "2010.03.03"]
[SourceVersion "1"]
[SourceVersionDate "2010.03.03"]
[SourceQuality "1"]
[WhiteTeam "Scotland (Seniors) II"]
[BlackTeam "Sweden (Seniors) IV"]
[WhiteTeamCountry "SCO"]
[BlackTeamCountry "SWE"]

1. Nf3 d5 2. c4 d4 3. d3 c5 4. g3 Nc6 5. Bg2 e5 6. 0-0 Nf6 7. Na3 Be7 8. Nc2 0-0 9. b3 h6 10. a3 a5 11. Rb1 Be6 12. Bd2 e4 13. Nfe1 exd3 14. exd3 Bg4 15. f3 Bf5 16. b4 axb4 17. axb4 Qd7 18. bxc5 Bxc5 19. Rb5 b6 20. f4 Rac8 21. Bb4 Nxb4 22. Nxb4 Ng4 23. Nbc2 Rfe8 24. Bd5 Ne3 25. Nxe3 dxe3 26. Qe2 Rcd8 27. Nf3 Qe7 28. d4 Bd7 29. Rb3 Bd6 30. Ne5 Bxe5 31. fxe5 Be6 32. Bc6 Rxd4 33. Bxe8 Qxe8 34. Qxe3 Rxc4 35. Rxb6 Qc8 36. Rfb1 Qc5 37. Rb8+ Kh7 38. Qxc5 Rxc5 39. Re1 Rc2 40. Rd8 1/2-1/2

[Event "Glenrothes op"]
[Site "Glenrothes"]
[Date "2002.03.01"]
[Round "1"]
[White "Murphy, George AA"]
[Black "Robertson, Ian C"]
[Result "0-1"]
[WhiteElo "1715"]
[BlackElo "2105"]
[PlyCount "51"]
[EventDate "2002.03.03"]
[EventType "swiss"]
[EventRounds "5"]
[EventCountry "SCO"]
[SourceTitle "EXT 2004"]
[Source "ChessBase"]
[SourceDate "2003.11.25"]
[SourceVersion "1"]
[SourceVersionDate "2003.11.25"]
[SourceQuality "1"]

1. Nf3 d5 2. g3 Nf6 3. Bg2 e6 4. 0-0 Be7 5. d3 0-0 6. Nbd2 c5 7. e4 Nc6 8. Re1 Rb8 9. e5 Nd7 10. c3 b5 11. d4 b4 12. h4 Ba6 13. Nf1 bxc3 14. bxc3 cxd4 15. cxd4 Bb4 16. Re3 Nb6 17. N1h2 Nc4 18. Rd3 Qa5 19. Qc2 Be7 20. Rd1 Nb4 21. Qb1 Na3 22. Bxa3 Qxa3 23. Ng5 Bxg5 24. hxg5 Nd3 25. Qb3 Rxb3 26. axb3 0-1

[Event "SCO-ch Challengers"]
[Site "Glasgow"]
[Date "2000.07.18"]
[Round "4"]
[White "Murphy, George AA"]
[Black "Cutmore, David M"]
[Result "1/2-1/2"]
[WhiteElo "1610"]
[BlackElo "1896"]
[PlyCount "46"]
[EventDate "2000.07.??"]
[EventType "swiss"]
[EventRounds "7"]
[EventCountry "SCO"]
[SourceTitle "EXT 2002"]
[Source "ChessBase"]
[SourceDate "2001.11.25"]
[SourceVersion "1"]
[SourceVersionDate "2001.11.25"]
[SourceQuality "1"]

1. e4 e6 2. d4 c5 3. Nf3 Nf6 4. Nc3 Qa5 5. Bd2 Qb6 6. Bd3 cxd4 7. Nb5 Nxe4 8. Bxe4 Qxb5 9. Nxd4 Qe5 10. Qf3 d5 11. 0-0-0 Qxd4 12. Bg5 Qb6 13. Bxd5 exd5 14. Rhe1+ Be6 15. Qxd5 Be7 16. Bxe7 Bxd5 17. Rxd5 f6 18. Bc5+ Kf7 19. Re7+ Kg6 20. Bxb6 axb6 21. Rd3 Rxa2 22. Rg3+ Kf5 23. Rf3+ Kg6 1/2-1/2